|
|
|
|
| LEADER |
01302nam a2200349 a 4500 |
| 001 |
2534 |
| 003 |
BD-DhAAL |
| 005 |
20150521101011.0 |
| 008 |
150521s1999 caua b 001 0 eng |
| 010 |
|
|
|a 98033288
|
| 020 |
|
|
|a 0761993037
|
| 020 |
|
|
|a 0761993045 (pbk.)
|
| 040 |
|
|
|a DLC
|c DLC
|d NIC
|d BD-DhAAL
|
| 050 |
0 |
0 |
|a HD58.7
|b .W253 1999
|
| 082 |
0 |
0 |
|a 158.7
|2 21
|
| 100 |
1 |
|
|a Wakhlu, Arun,
|d 1955-
|9 11201
|
| 245 |
1 |
0 |
|a Managing from the heart :
|b unfolding spirit in people and organizations /
|c Arun Wakhlu.
|
| 260 |
|
|
|a Thousnd Oaks, Calif. :
|b Sage Publications,
|c 1999.
|
| 300 |
|
|
|a 239 p. :
|b ill. ;
|c 25 cm.
|
| 504 |
|
|
|a Includes bibliographical references (p. [233]-236) and index.
|
| 541 |
|
|
|e 2534
|
| 650 |
|
0 |
|a Organizational behavior.
|9 11202
|
| 650 |
|
0 |
|a Psychology, Industrial.
|9 11203
|
| 650 |
|
0 |
|a Work
|x Psychological aspects.
|9 11204
|
| 650 |
|
0 |
|a Quality of work life.
|9 8904
|
| 650 |
|
7 |
|a Organizational behavior
|2 fast
|9 11205
|
| 650 |
|
7 |
|a Psychology, Industrial
|2 fast
|9 11206
|
| 650 |
|
7 |
|a Quality of work life
|2 fast
|9 8904
|
| 650 |
|
7 |
|a Work
|x Psychological aspects
|2 fast
|9 11207
|
| 942 |
|
|
|2 ddc
|c BK
|
| 999 |
|
|
|c 34461
|d 34461
|
| 952 |
|
|
|0 0
|1 0
|2 ddc
|4 0
|6 158_700000000000000_WAK
|7 0
|9 53796
|a SCL
|b SCL
|c GEN
|d 2015-05-21
|g 425.00
|l 0
|o 158.7 WAK
|p 3020002534
|r 2015-05-21
|t 1
|w 2015-05-21
|y BK
|